00690nam a2200217 a 45000010005000000030009000050050017000140080041000310400028000720820023001001000030001232450099001532500012002522600055002643000030003195040051003496500020004006500014004206500015004347000023004498285BD-DhUAP20210123100054.0200210s1997 ii lb 001 0 eng d aDLCcDLCdBD-DhUAPbEng00a346.540436 MUL223 a Mulla, Dinshah Fardunji.10aMulla on the transfeer of property act, 1882 /cDinshah Fardunji Mulla and R. K. Abichandani. a8th ed. aBombay :bN. M. Tripathi,cc1995 [Reprinted 1997]. axix, 1125 pages ;c24 cm. aIncludes bibliographical references and index. aTransfer (Law). aProperty. aMortgages.1 aAbichandani, R. K.